LEADER 01139nam0-22003251i-450- 001 990005580080403321 005 20060703123239.0 035 $a000558008 035 $aFED01000558008 035 $a(Aleph)000558008FED01 035 $a000558008 100 $a19990604d1978----km-y0itay50------ba 101 0 $aita 105 $aa---bb--00--- 200 1 $a<>italiani nelle fotografie di Mario Nunes Vais$eRoma, Palazzo Venezia, Sala Barbo, 15 novembre-10 dicembre 1978$fprefazione di Oreste Ferrari$gcatalogo a cura di Maria Teresa Contini 210 $aFirenze$cCentro Di$d1978 215 $a122 p.$cill.$d22 cm 610 0 $aNunes Vais, Mario$aEsposizioni$a1978 676 $a770.92$v21$zita 702 1$aContini,$bMaria Teresa 702 1$aFerrari,$bOreste$f<1927-2005> 702 1$aNunes Vais,$bMario 712 02$aIstituto centrale per il catalogo e la documentazione 801 0$aIT$bUNINA$gRICA$2UNIMARC 901 $aBK 912 $a990005580080403321 952 $a770.92 MOSTRE ROMA 1978$bST.ARTE 13971$fFLFBC 959 $aFLFBC 996 $aItaliani nelle fotografie di Mario Nunes Vais$9607415 997 $aUNINA LEADER 01253nas 2200421- 450 001 996321944403316 005 20240204213017.0 011 $a2580-4006 035 $a(OCoLC)1048125297 035 $a(CKB)4100000000718802 035 $a(CONSER)--2020238136 035 $a(EXLCZ)994100000000718802 100 $a20180612a20uu9999 s-- - 101 0 $aind 135 $aurun||||||||| 181 $ctxt$2rdacontent 182 $cc$2rdamedia 183 $acr$2rdacarrier 200 10$aReflektika 210 1$aPrenduan, Indonesia :$cInstitut Dirosat Islamiyah Al-Amien 215 $a1 online resource 300 $aTitle from content provider. 311 $a2337-6821 517 1 $aJurnal reflektika 606 $aReligion$vComparative studies$vPeriodicals 606 $aIslam$xStudy and teaching$vPeriodicals 606 $aReligion$2fast$3(OCoLC)fst01093763 606 $aIslam$xStudy and teaching$2fast$3(OCoLC)fst00979852 608 $aComparative studies.$2fast 608 $aPeriodicals.$2fast 615 0$aReligion 615 0$aIslam$xStudy and teaching 615 7$aReligion. 615 7$aIslam$xStudy and teaching. 906 $aJOURNAL 912 $a996321944403316 996 $aReflektika$92573747 997 $aUNISA